GUESS THE MADDEN 23 QB BY OVL - Statistics

General Stats
  • This quiz has been taken 454 times
  • The average score is 20 of 37
Answer Stats
Hint Answer % Correct
95 Patrick Mahomes
99%
97 Tom Brady
93%
92 Josh Allen
91%
96 Aaron Rodgers
88%
87 Lamar Jackson
88%
90 Joe Burrow
81%
87 Russell Wilson
75%
74 Jalen Hurts
72%
73 Zach Wilson
72%
88 Justin Herbert
69%
89 Dak Prescott
66%
78 Mac Jones
66%
70 Daniel Jones
65%
85 Matthew Stafford
65%
80 Kirk Cousins
61%
72 Jared Goff
60%
75 Tua Tagovailoa
60%
83 Derek Carr
58%
84 Deshaun Watson
56%
76 Trevor Lawrence
56%
77 Baker Mayfield
55%
84 Kyler Murray
55%
81 Matt Ryan
53%
77 Jimmy Garoppolo
47%
83 Ryan Tannehill
46%
73 Carson Wentz
44%
76 Jameis Winston
44%
71 Sam Darnold
40%
71 Davis Mills
37%
72 Trey Lance
37%
70 Andy Dalton
34%
71 Marcus Mariota
33%
70 Jacoby Brissett
26%
75 Teddy Bridgewater
23%
70 Desmond Ridder
18%
69 Malik Willis
8%
69 Mitch Trubiskey
0%
No matching quizzes found
Score Distribution
Percent of People with Each Score
Percentile by Number Answered
Your Score History
You have not taken this quiz